The Flash Opening Monologues Quiz Stats

 Plays Quiz not verified by Sporcle

Challenge
Share
Tweet
Embed
Score 0/243 Timer 10:00
0 Plays Today
First Utterance Word % Correct
Season 1 Episode 2a
97.7%
Season 1 Episode 1the
97.2%
Season 1 Episode 1I
96.9%
Season 1 Episode 1to
95.1%
Season 1 Episode 2and
95%
Season 1 Episode 1you
94.5%
Season 2 Episode 2of
94%
Season 1 Episode 3speed
93.9%
Season 1 Episode 1was
93.7%
Season 1 Episode 1I'm
93.6%
Season 1 Episode 3justice
93.6%
Season 1 Episode 3saw
93.5%
Season 1 Episode 3ordinary
93.5%
Season 1 Episode 2it
93.2%
Season 1 Episode 1good
93%
Season 1 Episode 1after
92.6%
Season 1 Episode 1usually
92.5%
Season 1 Episode 1red
92.4%
Season 2 Episode 1keeps
92.4%
Season 2 Episode 1failed
92.3%
Season 1 Episode 1can
92%
Season 1 Episode 2know
91.9%
Season 2 Episode 2other
91.9%
Season 1 Episode 2stuff
91.6%
Season 1 Episode 1understand
91.5%
Season 2 Episode 1mother's
91.4%
Season 2 Episode 2opened
91.3%
Season 1 Episode 1do
91.2%
Season 2 Episode 2S.T.A.R.
91%
Season 1 Episode 1man
90.9%
Season 1 Episode 3murder
90.8%
Season 1 Episode 2on
90.8%
Season 3 Episode 10into
90.5%
Season 3 Episode 3how
90.4%
Season 1 Episode 23rd
90.3%
Season 4 Episode 1I'd
90.3%
Season 1 Episode 1what
90.2%
Season 4 Episode 1ago
90.2%
Season 1 Episode 1about
90.2%
Season 3 Episode 2wanted
90.1%
Season 1 Episode 2Central
89.9%
Season 1 Episode 2day
89.9%
Season 2 Episode 2metahumans
89.8%
Season 2 Episode 2fast
89.4%
Season 1 Episode 1I've
89.3%
Season 1 Episode 3mother
89.3%
Season 1 Episode 2City
89.2%
Season 2 Episode 1became
89.2%
Season 3 Episode 2anymore
89.2%
Season 1 Episode 1simple
89.1%
Season 1 Episode 3killed
89.1%
Season 1 Episode 2352
88.9%
Season 2 Episode 2friends
88.9%
Season 2 Episode 1care
88.7%
Season 1 Episode 2downtown
88.5%
Season 1 Episode 1believe
88.1%
Season 1 Episode 1first
87.9%
Season 1 Episode 1something
87.8%
Season 3 Episode 2just
87.8%
Season 1 Episode 1need
87.7%
Season 1 Episode 1from
87.6%
Season 2 Episode 2down
87.6%
Season 2 Episode 2stop
87.5%
Season 1 Episode 3find
87.4%
Season 1 Episode 2hour
87.3%
Season 2 Episode 1used
87.3%
Season 1 Episode 1bullies
87.2%
Season 2 Episode 2our
87.2%
Season 1 Episode 2going
87.1%
Season 2 Episode 1people
87%
Season 1 Episode 1tell
86.9%
Season 1 Episode 2fire
86.9%
Season 1 Episode 2it's
86.8%
Season 1 Episode 2made
86.7%
Season 2 Episode 2doing
86.6%
Season 2 Episode 1only
86.6%
Season 3 Episode 3Flashpoint
86.5%
Season 2 Episode 2so
86.3%
Season 3 Episode 10him
86.3%
Season 1 Episode 2miles
86.3%
Season 3 Episode 10speedster
86%
First Utterance Word % Correct
Season 2 Episode 2hunted
85.9%
Season 1 Episode 2way
85.7%
Season 1 Episode 1explain
85.6%
Season 2 Episode 1better
85.6%
Season 1 Episode 2already
85.5%
Season 2 Episode 2threats
85.5%
Season 1 Episode 2all
85.1%
Season 1 Episode 1my
84.8%
Season 2 Episode 2new
84.7%
Season 2 Episode 2up
84.6%
Season 3 Episode 1happen
84.4%
Season 3 Episode 3alternate
82.9%
Season 3 Episode 10attempt
82.9%
Season 3 Episode 2somehow
82.5%
Season 2 Episode 2Labs
82.3%
Season 1 Episode 1is
81.6%
Season 1 Episode 1blur
81.1%
Season 2 Episode 1run
80.5%
Season 2 Episode 1death
80.3%
Season 1 Episode 2Western
80.2%
Season 1 Episode 1life
80.1%
Season 1 Episode 2slow
79.7%
Season 2 Episode 1own
79.6%
Season 1 Episode 1scarier
79.5%
Season 1 Episode 3who
79.3%
Season 1 Episode 2accident
78.8%
Season 1 Episode 2thingy
78.7%
Season 1 Episode 1that's
78.6%
Season 1 Episode 2get
78.1%
Season 1 Episode 1pretty
77.8%
Season 2 Episode 1responsible
77.7%
Season 2 Episode 2enough
77.5%
Season 1 Episode 1impossible
77.3%
Season 3 Episode 10love
77.1%
Season 3 Episode 10change
76.6%
Season 1 Episode 3child
76.5%
Season 4 Episode 4took
76.1%
Season 1 Episode 1am
76%
Season 1 Episode 1running
75.8%
Season 2 Episode 1Singularity
75.2%
Season 1 Episode 3went
75.1%
Season 3 Episode 3ran
74.7%
Season 3 Episode 1some
74.6%
Season 3 Episode 1things
74.6%
Season 1 Episode 3father
74.4%
Season 1 Episode 1did
74.3%
Season 1 Episode 1in
74.2%
Season 1 Episode 3by
74%
Season 1 Episode 3prison
73.9%
Season 1 Episode 1me
73.7%
Season 1 Episode 3when
73.4%
Season 3 Episode 1we
73.2%
Season 1 Episode 1Allen
73.1%
Season 1 Episode 1not
73%
Season 1 Episode 1sometimes
72.7%
Season 1 Episode 2smoke
72.6%
Season 1 Episode 1escaped
72.5%
Season 2 Episode 1thought
72.2%
Season 1 Episode 1see
71.9%
Season 1 Episode 3forensic
71.9%
Season 1 Episode 1been
71.6%
Season 3 Episode 10everything
71.4%
Season 1 Episode 1name
71.2%
Season 1 Episode 1that
71%
Season 2 Episode 1family
70.9%
Season 1 Episode 2an
70.6%
Season 1 Episode 3outside
70.6%
Season 2 Episode 2them
70.2%
Season 3 Episode 2Zoom
69.5%
Season 3 Episode 1because
69.3%
Season 1 Episode 3others
69.2%
Season 1 Episode 3fight
69%
Season 3 Episode 1chance
68.9%
Season 1 Episode 3world
68.9%
Season 3 Episode 1make
68.9%
Season 1 Episode 1Barry
68.8%
Season 1 Episode 3her
68.7%
Season 1 Episode 3like
68.5%
Season 1 Episode 3crime
68.5%
Season 1 Episode 2supposed
68.3%
Season 1 Episode 2happened
68.2%
First Utterance Word % Correct
Season 1 Episode 3secretly
68%
Season 1 Episode 1could
67.6%
Season 1 Episode 3use
67.4%
Season 1 Episode 1there
67.3%
Season 1 Episode 3I'll
67.3%
Season 3 Episode 2couldn't
67%
Season 1 Episode 1never
66.9%
Season 1 Episode 1whole
66.8%
Season 1 Episode 3for
66%
Season 1 Episode 3one
65.8%
Season 3 Episode 2mistake
65.8%
Season 1 Episode 3scientist
65.7%
Season 3 Episode 2start
65.5%
Season 3 Episode 10keep
65.5%
Season 2 Episode 1powers
65.4%
Season 3 Episode 2dying
65.4%
Season 1 Episode 2intro
65.4%
Season 3 Episode 2over
65.3%
Season 3 Episode 2becoming
65.2%
Season 1 Episode 2this
65.2%
Season 3 Episode 2worse
65.1%
Season 3 Episode 2take
65%
Season 3 Episode 3multiverse
65%
Season 1 Episode 1but
64.9%
Season 2 Episode 1there's
64.9%
Season 1 Episode 1too
64.8%
Season 1 Episode 1again
64.7%
Season 3 Episode 3defeating
64.3%
Season 2 Episode 1would
64.1%
Season 3 Episode 2dad
63.1%
Season 3 Episode 3saving
62.8%
Season 3 Episode 3left
61.3%
Season 2 Episode 2with
60.8%
Season 3 Episode 2big
60.8%
Season 1 Episode 1alive
60.1%
Season 2 Episode 1thing
59.3%
Season 2 Episode 1safe
59%
Season 1 Episode 2let's
58.9%
Season 1 Episode 2right
58.6%
Season 2 Episode 2help
58.2%
Season 1 Episode 1story
57.7%
Season 3 Episode 10power
57.7%
Season 1 Episode 1much
57.5%
Season 1 Episode 1fastest
56.8%
Season 1 Episode 1night
55.4%
Season 1 Episode 2then
55.1%
Season 4 Episode 1promised
54.4%
Season 2 Episode 1finally
52.3%
Season 1 Episode 2part
51.6%
Season 2 Episode 1now
51.3%
Season 2 Episode 1six
50.7%
Season 2 Episode 1since
50.4%
Season 2 Episode 1decided
50.3%
Season 1 Episode 2where
48.8%
Season 4 Episode 1last
47.9%
Season 4 Episode 4lost
47.9%
Season 4 Episode 4bring
47.5%
Season 2 Episode 1months
45.9%
Season 3 Episode 3created
44.7%
Season 3 Episode 3brought
43.6%
Season 3 Episode 3as
39.5%
Season 3 Episode 10thrust
39.2%
Season 1 Episode 3Flash
38.8%
Season 1 Episode 23today
37.9%
Season 3 Episode 10woman
37.1%
Season 3 Episode 10evil
37%
Season 3 Episode 10let
36.5%
Season 3 Episode 10accidentally
36.2%
Season 3 Episode 3back
36.1%
Season 3 Episode 3time
33.2%
Season 3 Episode 10Savitar
32.8%
Season 3 Episode 3weren't
31.9%
Season 3 Episode 3restored
31.5%
Season 4 Episode 1he
31%
Season 3 Episode 3timeline
29.8%
Season 4 Episode 1Iris
28.6%
Season 4 Episode 1these
27.8%
Season 4 Episode 1marry
27.5%
Season 3 Episode 10won't
26.6%
Season 4 Episode 1West
25%
Season 3 Episode 10future
24.6%

You're not logged in!

Compare scores with friends on all Sporcle quizzes.
Join for Free
OR
Log In

You Might Also Like...

Show Comments

Extras

Top Quizzes Today


Score Distribution

Your Account Isn't Verified!

In order to create a playlist on Sporcle, you need to verify the email address you used during registration. Go to your Sporcle Settings to finish the process.

Report this User

Report this user for behavior that violates our Community Guidelines.

Details: